00422cam a2200157ua 45000010005000000080039000050400009000440410008000530820011000611000033000722450045001052500017001502600043001673000010002106530044002209509151123n ii |||gr||||Z||||||eng cMAIN aeng a344.01 aKulshreshtha, D.K.,eAuthor. aLabour legislationcby D.K. Kulshreshtha a5th rev. ed. aAgra:bLakshmi Narayan Agarwal,c2012. a416p. aLabor, social, education & cultural law